Statistics for Spanish Tener Expressions

Click here to take the quiz!

General Stats

  • This quiz has been taken 7 times
  • The average score is 10 of 20

Answer Stats

HintAnswer% Correct
to be hottener calor
100%
to be coldtener frío
80%
to be hungrytener hambre
80%
to be __ years oldtener __ años
60%
to be carefultener cuidado
60%
to be in a hurrytener prisa
60%
to be righttener razón
60%
to be luckytener suerte
60%
to be jealoustener celos
40%
to be confidenttener confianza
40%
to take into accounttener en cuenta
40%
to be successfultener éxito
40%
to feel liketener ganas
40%
to take placetener lugar
40%
to be scaredtener miedo
40%
to be thirstytener sed
40%
to be sleepytener sueño
40%
to be embarassedtener verguenza
40%
to hurttener dolor
20%
to be guiltytener la culpa
20%

Score Distribution

Percentile by Number Answered

Percent of People with Each Score

Your Score History

You have not taken this quiz